书目信息 |
| 题名: |
车用驱动电机分布参数建模方法及其应用
|
|
| 作者: | 钟再敏 , 江尚 著 | |
| 分册: | ||
| 出版信息: | 北京 北京理工大学出版社有限责任公司 2018.04 |
|
| 页数: | 261页 | |
| 开本: | 24cm | |
| 丛书名: | 新能源汽车关键技术研究丛书 | |
| 单 册: | ||
| 中图分类: | U469.72 , U469.7 | |
| 科图分类: | ||
| 主题词: | 汽车--电机--分布参数--建模系统 | |
| 电子资源: | ||
| ISBN: | 978-7-5682-5486-1 | |
| 000 | 01539oam2 2200289 450 | |
| 001 | 4361 | |
| 005 | 20181011104910.33 | |
| 010 | @a978-7-5682-5486-1@dCNY66.00 | |
| 100 | @a20180714d2018 em y0chiy50 ea | |
| 101 | 0 | @achi |
| 102 | @aCN@b110000 | |
| 105 | @aa z 000yy | |
| 200 | 1 | @a车用驱动电机分布参数建模方法及其应用@9che yong qu dong dian ji fen bu can shu jian mo fang fa ji qi ying yong@dDistributed parameter model of electric motors for vehicular application@f钟再敏,江尚著@zeng |
| 210 | @a北京@c北京理工大学出版社有限责任公司@d2018.04 | |
| 215 | @a261页@c图@d24cm | |
| 225 | 1 | @a新能源汽车关键技术研究丛书 |
| 300 | @a“十三五”国家重点出版物出版规划项目 国之重器出版工程制造强国建设 上海汽车工业教育基金会资助图书 | |
| 330 | @a本书针对车用电机设计中存在的磁场谐波和饱和非线性建模问题,提出了所谓的“分布参数”建模方法。该方法选取转子同步坐标系下的电流幅值和相位、转子空间电角度等为广义坐标,将有限元分析得到的磁共能进行重构,进而推导出磁链、转矩和电压方程。与常见的基于电感的“集中参数”模型相比,“分布参数”模型的建模与参数提取同步完成,且能本征地描述磁场的谐波和饱和现象,从而可以给出基于统一参数的转矩纹波和电压谐波的解析表达式。 | |
| 461 | 0 | @12001 @a新能源汽车关键技术研究丛书 |
| 510 | 1 | @aDistributed parameter model of electric motors for vehicular application@zeng |
| 606 | 0 | @a汽车@x电机@x分布参数@x建模系统 |
| 690 | @aU469.72@v5 | |
| 690 | @aU469.7@v4 | |
| 701 | 0 | @a钟再敏@9zhong zai min@4著 |
| 701 | 0 | @a江尚@9jiang shang@4著 |
| 801 | 0 | @aCN@b91MARC@c20180714 |
| 905 | @aMuseLib@dU469.7@e747 | |
| 车用驱动电机分布参数建模方法及其应用=Distributed parameter model of electric motors for vehicular application/钟再敏,江尚著.-北京:北京理工大学出版社有限责任公司,2018.04 |
| 261页:图;24cm.-(新能源汽车关键技术研究丛书) |
| “十三五”国家重点出版物出版规划项目 国之重器出版工程制造强国建设 上海汽车工业教育基金会资助图书 |
| ISBN 978-7-5682-5486-1:CNY66.00 |
| 本书针对车用电机设计中存在的磁场谐波和饱和非线性建模问题,提出了所谓的“分布参数”建模方法。该方法选取转子同步坐标系下的电流幅值和相位、转子空间电角度等为广义坐标,将有限元分析得到的磁共能进行重构,进而推导出磁链、转矩和电压方程。与常见的基于电感的“集中参数”模型相比,“分布参数”模型的建模与参数提取同步完成,且能本征地描述磁场的谐波和饱和现象,从而可以给出基于统一参数的转矩纹波和电压谐波的解析表达式。 |
| ● |
| 相关链接 |
|
|
|
|
正题名:车用驱动电机分布参数建模方法及其应用
索取号:U469.7/747
 
预约/预借
| 序号 | 登录号 | 条形码 | 馆藏地/架位号 | 状态 | 备注 |
| 1 | 1124796 | 211247961 | 第二样本阅览室/ [索取号:U469.7/747] | 在馆 | |
| 2 | 1124797 | 211247970 | 第三借阅区/ [索取号:U469.7/747] | 在馆 | |
| 3 | 1124798 | 211247989 | 第三借阅区/ [索取号:U469.7/747] | 在馆 | |
| 4 | 1124799 | 211247998 | 第三借阅区/ [索取号:U469.7/747] | 在馆 | |
| 5 | 1124800 | 211248005 | 数信系资料室/ [索取号:U469.7/747] | 在馆 |